| 000 | 00814nam a22002651 4500 | ||
|---|---|---|---|
| 001 | 23916 | ||
| 003 | BD-RjUL | ||
| 005 | 20211209001003.0 | ||
| 008 | 140312r19631961enka 001 0 eng | ||
| 035 | _a(BD-RjUL)23981 | ||
| 035 | _a(OCoLC)1155816 | ||
| 040 |
_aDLC _cNOsU _dOCoLC _dUk _dDLC _dBD-RjUL _beng |
||
| 041 | _aeng | ||
| 082 |
_a918 _bROL 1963 |
||
| 100 | 1 |
_aRobinson, H. _q(Harry), _d1915- _968628 |
|
| 245 | 0 | 0 |
_aLatin America / _cH Robinson |
| 260 |
_aLondon : _bMacdonald & Evans, _cc1961 [Reprinted 1963]. |
||
| 300 |
_axiii, 466 p. : _bill. ; _c23 cm. |
||
| 490 | 0 | _aThe New certificate geography series: Advanced level | |
| 504 | _aIncludes bibliography and index. | ||
| 651 | 0 |
_aLatin America _xDescription and travel. _968388 |
|
| 942 |
_2ddc _cBK |
||
| 999 |
_c23916 _d23916 |
||